Statistics for All Formula 1 race starters 2000–09

Click here to take the quiz!

General Stats

  • This quiz has been taken 921 times
  • The average score is 47 of 71

Answer Stats

Year(s) active Driver No. of races Team(s) Nationality % Correct
1991–2006, 2010–12Michael Schumacher122FerrariGermany
99%
1997–2007Ralf Schumacher131Williams, ToyotaGermany
99%
2000–presentJenson Button170Williams, Benetton, Renault, BAR, Honda, BrawnUnited Kingdom
98%
2001, 2003–presentFernando Alonso139Minardi, Renault, McLarenSpain
98%
1993–2011Rubens Barrichello172Ferrari, Honda, BrawnBrazil
97%
2001–09, 2012–presentKimi Räikkönen156Sauber, McLaren, FerrariFinland
97%
2007–presentLewis Hamilton52McLarenUnited Kingdom
97%
2002–13Mark Webber138Minardi, Jaguar, Williams, Red BullAustralia
96%
2002, 2004–presentFelipe Massa114Sauber, FerrariBrazil
96%
2001–06Juan Pablo Montoya94Williams, McLarenColombia
94%
1994–2008David Coulthard156McLaren, Red BullUnited Kingdom
94%
1996–2009Giancarlo Fisichella172Benetton, Jordan, Sauber, Renault, Force India, FerrariItaly
93%
2007–presentSebastian Vettel43Sauber, Toro Rosso, Red BullGermany
92%
1997–2011Jarno Trulli172Jordan, Renault, ToyotaItaly
92%
1991–2001Mika Häkkinen33McLarenFinland
91%
2006–10Robert Kubica57SauberPoland
91%
1996–2006Jacques Villeneuve99BAR, Renault, SauberCanada
90%
2006–presentNico Rosberg70WilliamsGermany
89%
2007–13Heikki Kovalainen52Renault, McLarenFinland
86%
2002–08Takuma Sato90Jordan, BAR, Super AguriJapan
84%
2007–11, 2013–14Adrian Sutil52Spyker, Force IndiaGermany
82%
2000–11Nick Heidfeld167Prost, Sauber, Jordan, WilliamsGermany
81%
1999–2002, 2005–06, 2010–12Pedro de la Rosa56Arrows, Jaguar, McLarenSpain
81%
1994–1998, 2000–01, 2003Jos Verstappen50Arrows, MinardiNetherlands
79%
1993–2002Eddie Irvine50JaguarUnited Kingdom
76%
1994–2003Heinz-Harald Frentzen59Jordan, Prost, Arrows, SauberGermany
75%
2004, 2008–12Timo Glock36Jordan, ToyotaGermany
74%
1994–99, 2001–04Olivier Panis67BAR, ToyotaFrance
74%
2009–12, 2014Kamui Kobayashi2ToyotaJapan
73%
2008–09Nelsinho Piquet28RenaultBrazil
71%
2004–06, 2010Christian Klien46Jaguar, Red BullAustria
70%
2006–07Scott Speed25Toro RossoUnited States
70%
1994–2000, 2002Mika Salo33Sauber, ToyotaFinland
69%
1997–2000, 2005, 2007Alexander Wurz34Benetton, McLaren, WilliamsAustria
69%
2009–11Sébastien Buemi17Toro RossoSwitzerland
68%
1989–2001Jean Alesi34Prost, JordanFrance
67%
2005–07, 2009–11Vitantonio Liuzzi44Red Bull, Toro Rosso, Force IndiaItaly
66%
2009, 2012–presentRomain Grosjean7RenaultFrance
65%
2007–09Kazuki Nakajima36WilliamsJapan
65%
2008–09Sébastien Bourdais27Toro RossoFrance
65%
2005–06Tiago Monteiro37Jordan, MidlandPortugal
60%
1993, 1995–96, 1999, 2009Luca Badoer2FerrariItaly
58%
2002, 2005, 2007–08Anthony Davidson24Minardi, BAR, Super AguriUnited Kingdom
58%
2005, 2011–12Narain Karthikeyan19JordanIndia
57%
2005–07Christijan Albers46Minardi, Midland, SpykerNetherlands
55%
1989–2000Johnny Herbert17JaguarUnited Kingdom
54%
2003–04Zsolt Baumgartner20Jordan, MinardiHungary
53%
2009–11Jaime Alguersuari8Toro RossoSpain
50%
2006Yuji Ide4Super AguriJapan
50%
2001–02Alex Yoong14MinardiMalaysia
50%
2006–07, 2010Sakon Yamamoto14Super Aguri, SpykerJapan
50%
1999–2000, 2003–04Marc Gené20Minardi, WilliamsSpain
48%
2003–04Cristiano da Matta28ToyotaBrazil
47%
2003–05Antônio Pizzonia20Jaguar, WilliamsBrazil
45%
2007Markus Winkelhock1SpykerGermany
44%
1999–2001, 2004–05Ricardo Zonta24BAR, Jordan, ToyotaBrazil
43%
1995–2000Pedro Diniz16SauberBrazil
42%
2002Allan McNish16ToyotaUnited Kingdom
41%
2005–06Robert Doornbos11Minardi, Red BullNetherlands
40%
2001–02Enrique Bernoldi28ArrowsBrazil
39%
2003Justin Wilson16Minardi, JaguarUnited Kingdom
38%
2003Ralph Firman14JordanIreland
38%
2000–01Gastón Mazzacane21Minardi, ProstArgentina
38%
2001Tomáš Enge3ProstCzech Republic
37%
2006Franck Montagny7Super AguriFrance
36%
2000–01Luciano Burti15Jaguar, ProstBrazil
35%
2004Giorgio Pantano14JordanItaly
33%
2004Gianmaria Bruni18MinardiItaly
32%
1996–97, 2001Tarso Marques13MinardiBrazil
31%
2005Patrick Friesacher11MinardiAustria
31%
2003Nicolas Kiesa5MinardiDenmark
29%

Score Distribution

Percentile by Number Answered

Percent of People with Each Score

Your Score History

You have not taken this quiz